000 004350000a22001810004500
003 MACL
005 20160130143452.0
008 160130b xxu||||| |||| 00| 0 eng d
040 _aMACL
_cMACL
041 _aEnglish
082 _a823/KIN
100 _aKing, Stephen
_935273
245 _aHearts In Atlantis
260 _bNew English Library
_c1994
_aLondon
350 _a219
650 _aFiction
_936147
942 _cBK
_k823/KIN
_2ddc
999 _c31285
_d31285